La responsabilidad civil en el delito fiscal / (Registro nro. 49752)

Detalles MARC
000 -LEADER
fixed length control field 01343nam a2200277 4500
001 - CONTROL NUMBER
control field 0000019924
003 - CONTROL NUMBER IDENTIFIER
control field CO-CtgCURN
005 - DATE AND TIME OF LATEST TRANSACTION
control field 20250828152809.0
008 - FIXED-LENGTH DATA ELEMENTS--GENERAL INFORMATION
fixed length control field 160627s2001 000 0 eng d
020 ## - INTERNATIONAL STANDARD BOOK NUMBER
International Standard Book Number 8472488918
040 ## - CATALOGING SOURCE
Original cataloging agency CO-CtgCURN
Language of cataloging spa
Transcribing agency coctgcurn
082 0# - DEWEY DECIMAL CLASSIFICATION NUMBER
Classification number 346.5
Item number C65r
100 1# - MAIN ENTRY--PERSONAL NAME
Personal name Coloma Chicot, José Alberto.
245 13 - TITLE STATEMENT
Title La responsabilidad civil en el delito fiscal /
Statement of responsibility, etc. José Alberto Coloma Chicot.
260 ## - PUBLICATION, DISTRIBUTION, ETC.
Place of publication, distribution, etc. Madrid :
Name of publisher, distributor, etc. Marcial Pons,
Date of publication, distribution, etc. 2001.
300 ## - PHYSICAL DESCRIPTION
Extent 291 p.
336 ## - CONTENT TYPE
Source rdacontent
337 ## - MEDIA TYPE
Source rdamedia
Media type term sin mediacion
Media type code n
338 ## - CARRIER TYPE
Source rdacarrier
Carrier type term volumen
Carrier type code nc
504 ## - BIBLIOGRAPHY, ETC. NOTE
Bibliography, etc. note Bibliografia (p. [273]-278)
505 8# - FORMATTED CONTENTS NOTE
Formatted contents note Responsabilidad civil y delitos contra la hacienda publica.--La obligacion de reintegracion a la Administración defraudada en el delito fiscal: responsabilidad EX DAMNO o responsabilidad EX LEGE. La realizacion del credito tributario en las defraudaciones tipicas.--La cuantificacion de la cuota tributaria defraudada, la devolucion indebidamente obtenida o el indebido disfrute de beneficios fiscales.--Problemas en la imputacion de responsabilidades.--La cuestion tributaria en el proceso penal
650 #0 - SUBJECT ADDED ENTRY--TOPICAL TERM
Topical term or geographic name entry element Derecho civil
Geographic subdivision España.
908 ## - PUT COMMAND PARAMETER (RLIN)
Put command parameter 160627
942 ## - ADDED ENTRY ELEMENTS (KOHA)
Koha item type Libros
Classification part 346.5
Item part C65r
Source of classification or shelving scheme Dewey Decimal Classification
999 ## - SYSTEM CONTROL NUMBERS (KOHA)
-- 1
Existencias
Withdrawn status Lost status Source of classification or shelving scheme Damaged status Not for loan Collection Home library Current library Shelving location Date acquired Inventory number Total checkouts Full call number Barcode Date last seen Price effective from Koha item type
    Dewey Decimal Classification     General Miguel Henríquez Castañeda Miguel Henríquez Castañeda General 03/04/2019 005405   346.5 C65r 005405 03/04/2019 03/04/2019 Libros